[Event "AUTO-INT-54"]
[Site "http://www.queenalice.com/game.php?id=37259"]
[Date "2005.11.9"]
[Round "1"]
[White "Doctor"]
[Black "daltonmorgado"]
[Result "1-0"]
[WhiteElo "1136"]
[BlackElo "1366"]

1. e4 Nf6 2. e5 Nd5 3. Nf3 Nc6 4. Bc4 Nf4 5. O-O d5 6. Bb5 e6 7. d3 a6 8. Bxc6+
bxc6 9. Bxf4 Rb8 10. b3 Rb4 11. Qd2 h5 12. c3 Rb8 13. d4 f6 14. Re1 g5 15. Be3
h4 16. Qc1 h3 17. g3 g4 18. Nfd2 f5 19. c4 Bb4 20. Qc2 Qe7 21. Rd1 c5 22. cxd5
exd5 23. a3 cxd4 24. Bxd4 Bd6 25. exd6 cxd6 26. Bxh8 Bb7 27. Qxf5 Bc8 28. Qg6+
Kd7 29. Qxg4+ Kc7 30. Qg7 Qd7 31. Rc1+ Kb7 32. Qxd7+ Bxd7 33. Bd4 Re8 34. Nc3
Bg4 35. Nxd5 Re2 36. Be3 Be6 37. Nf4 1-0

[Event "AUTO-INT-54"]
[Site "http://www.queenalice.com/game.php?id=37260"]
[Date "2005.11.9"]
[Round "1"]
[White "daltonmorgado"]
[Black "Doctor"]
[Result "1-0"]
[WhiteElo "1375"]
[BlackElo "1151"]

1. e4 Nc6 2. c4 g6 3. Nc3 Bg7 4. Na4 e6 5. d3 Nge7 6. Nf3 O-O 7. g3 d5 8. exd5
exd5 9. cxd5 Nxd5 10. Bg5 Qe7+ 11. Bxe7 Re8 12. Rc1 Rxe7+ 13. Be2 Bh3 14. Nc5
Bh6 15. Rc4 Bg2 16. Re4 Rxe4 17. Nxe4 Bxh1 18. Qb3 Nb6 19. Kf1 Bxf3 20. Bxf3 Nd4
21. Qd1 Kg7 22. Nc5 1-0

[Event "AUTO-INT-54"]
[Site "http://www.queenalice.com/game.php?id=37265"]
[Date "2005.11.9"]
[Round "1"]
[White "fabiodulicia"]
[Black "daltonmorgado"]
[Result "0-1"]
[WhiteElo "900"]
[BlackElo "1276"]

1. h4 e5 2. Rh3 d6 3. e4 Bxh3 4. gxh3 Qxh4 5. Nf3 Qxe4+ 6. Be2 Qf5 7. c4 Qxh3 8.
Qa4+ Nc6 9. Ng5 Qh2 10. c5 dxc5 11. Qb3 Qg1+ 12. Bf1 Qxg5 13. Qxb7 Rd8 14. Qxc6+
Rd7 15. Nc3 Nf6 16. Nd5 Nxd5 17. Bb5 Nb6 18. d3 Qg1+ 19. Ke2 c4 20. dxc4 Bb4 21.
c5 Be1 22. cxb6 Qxf2# 0-1

[Event "AUTO-INT-54"]
[Site "http://www.queenalice.com/game.php?id=37266"]
[Date "2005.11.9"]
[Round "1"]
[White "daltonmorgado"]
[Black "fabiodulicia"]
[Result "1-0"]
[WhiteElo "1386"]
[BlackElo "1092"]

1. e4 h5 2. Nc3 Rh6 3. d3 e5 4. Bxh6 d6 5. Be3 Bg4 6. f3 Qh4+ 7. g3 Qf6 8. fxg4
hxg4 9. Qxg4 Qe6 10. Qf3 Nf6 11. Nb5 Kd8 12. Bg5 d5 13. Bh3 Qb6 14. a4 a5 15.
Qf5 Bb4+ 16. c3 g6 17. Qc8+ Ke7 18. Nxc7 Qa7 19. cxb4 axb4 20. Bxf6+ Kxf6 21.
Nxd5+ Kg7 22. Nf3 Qa6 23. Nc7 Qxa4 24. Rxa4 Rxa4 25. Qxb8 Ra1+ 26. Kf2 Rxh1 27.
Ng1 Rxh2+ 28. Bg2 Rh8 29. Ne8+ Kf8 30. Nf3 Ke7 31. d4 Rxe8 32. Qxe8+ Kxe8 33.
Nxe5 Ke7 34. Bh3 f6 35. Nxg6+ Kd6 36. Nf4 Ke7 37. d5 b5 38. Nd3 Kf8 39. Nxb4 Ke8
40. Nc6 Kf7 41. d6 Ke8 42. d7+ Kf8 43. d8=Q+ Kf7 44. Qe7+ Kg8 45. Be6+ 1-0

[Event "Revanche"]
[Site "http://www.queenalice.com/game.php?id=37388"]
[Date "2005.11.10"]
[Round "-"]
[White "daltonmorgado"]
[Black "ventania"]
[Result "1-0"]
[WhiteElo "1278"]
[BlackElo "1238"]

1. e4 e5 2. Nf3 Nc6 3. d3 Qh4 4. Nxh4 Bc5 5. Nc3 Nf6 6. Nb5 Nd4 7. Nxc7+ Kd8 8.
Nxa8 Ng4 9. Qxg4 Ke8 10. Qxg7 Bb4+ 11. c3 Nc2+ 12. Ke2 d6 13. Qxh8+ Ke7 14. Rb1
Bg4+ 15. f3 Nd4+ 16. cxd4 Be6 17. Nc7 Bxa2 18. Bg5+ Kd7 19. d5 Kxc7 20. Qd8# 1-0

[Event "Challenge"]
[Site "http://www.queenalice.com/game.php?id=40415"]
[Date "2005.11.28"]
[Round "-"]
[White "ventania"]
[Black "daltonmorgado"]
[Result "0-1"]
[WhiteElo "1216"]
[BlackElo "1392"]

1. e4 Nf6 2. f3 Nc6 3. Nc3 e6 4. d3 Nd4 5. g3 Bb4 6. Bg5 c5 7. Nh3 b5 8. Nf4 Ba5
9. a3 Rb8 10. e5 Bb7 11. exf6 Bxf3 12. Qd2 Bxh1 13. Bh3 Nf3+ 14. Kd1 Nxd2 15.
Kxd2 gxf6 16. Bh4 Ba8 17. Nh5 b4 18. axb4 cxb4 19. Ne4 Qc7 20. Nhxf6+ Kf8 21.
Bg4 d5 22. Ng5 b3+ 23. Rxa5 Qxa5+ 24. Ke2 bxc2 25. Bh5 c1=Q 26. Ngxh7+ Ke7 27.
g4 Qad2+ 28. Kf3 Qf4+ 29. Ke2 Rxb2# 0-1

[Event "Challenge para apelao"]
[Site "http://www.queenalice.com/game.php?id=44669"]
[Date "2005.12.22"]
[Round "-"]
[White "daltonmorgado"]
[Black "ventania"]
[Result "1-0"]
[WhiteElo "1352"]
[BlackElo "1251"]

1. e4 e5 2. d3 d6 3. h4 Qf6 4. Nf3 Bg4 5. Nc3 a5 6. a4 h5 7. Bg5 Qg6 8. Nd5 Be6
9. Nxc7+ Kd7 10. Nxa8 f6 11. Be3 Bg4 12. Qd2 f5 13. Qxa5 Qe8 14. Bg5 Qc8 15.
Nb6+ Ke8 16. Nxc8 Ne7 17. Nxd6+ Kd7 18. Nxb7 Nec6 19. Qd5+ Kc7 20. Nc5 fxe4 21.
a5 Bd6 22. d4 Rf8 23. Qxe4 Nxd4 24. Qb7# 1-0

[Event "Revanche Acrilex"]
[Site "http://www.queenalice.com/game.php?id=44810"]
[Date "2005.12.22"]
[Round "-"]
[White "daltonmorgado"]
[Black "feliceacrilex"]
[Result "0-1"]
[WhiteElo "1338"]
[BlackElo "1593"]

1. e4 e5 2. Nf3 d6 3. c4 Nf6 4. d3 Nc6 5. Qa4 Bd7 6. Nc3 Nd4 7. Qd1 Be7 8. h3 h6
9. g4 Nxf3+ 10. Qxf3 Be6 11. Bg2 c6 12. a4 a6 13. a5 Qd7 14. Ra4 Bd8 15. g5 hxg5
16. Bxg5 Nh7 17. Be3 Bc7 18. Qg3 g6 19. h4 Qd8 20. h5 g5 21. f4 exf4 22. Bxf4
gxf4 23. Qg7 Ke7 24. Rh4 Qd7 25. Qh6 Rag8 26. Kf2 d5 27. cxd5 Nf6 28. dxe6 fxe6
29. Qxh8 Rxh8 30. d4 e5 31. Bh3 Qd8 32. b4 Qxd4+ 33. Ke2 Qxc3 34. Kd1 Rd8+ 35.
Ke2 Rd2+ 36. Kf1 Qc1# 0-1

[Event "Xadrez da Acrilex"]
[Site "http://www.queenalice.com/game.php?id=61962"]
[Date "2006.4.7"]
[Round "-"]
[White "daltonmorgado"]
[Black "feliceacrilex"]
[Result "1-0"]
[WhiteElo "1356"]
[BlackElo "1565"]

1. e4 e5 2. Nf3 d6 3. d4 exd4 4. Nxd4 Nf6 5. Nc3 h6 6. Bc4 c6 7. b4 d5 8. e5 Qe7
9. Bb3 Qxe5+ 10. Be3 Bg4 11. Qd3 Bxb4 12. f4 Bxc3+ 13. Qxc3 Qe4 14. O-O Bf5 15.
Rae1 Qe7 16. Nxf5 Qd7 17. Nxg7+ Ke7 18. Bc5+ Kd8 19. Re7 Qg4 20. Qxf6 Nd7 21.
Re8+ Kc7 22. Qd6# 1-0